[Event "Saint Chély d'Aubrac Op"]
[Site "Saint Chély d'Aubrac"]
[Date "2004.07.17"]
[Round "1.27"]
[White "Lagunes, Jean-Renaud"]
[Black "Wavresky, André"]
[Result "1-0"]
[WhiteElo "2117"]
[BlackElo "1640"]
[PlyCount "33"]
[EventDate "2004.07.??"]

1. e4 e6 2. d4 d5 3. Nc3 Bb4 4. e5 c5 5. a3 Bxc3+ 6. bxc3 Ne7 7. Qg4 Qc7 8.
Qxg7 Rg8 9. Qxh7 cxd4 10. Ne2 Nbc6 11. f4 Bd7 12. h4 dxc3 13. h5 O-O-O 14. Qd3
Nf5 15. h6 d4 16. h7 Rg7 17. h8=Q 1-0

[Event "Saint Chély d'Aubrac Op"]
[Site "Saint Chély d'Aubrac"]
[Date "2004.07.17"]
[Round "1.35"]
[White "Tholey, Jean-Paul"]
[Black "Ruetsch, Johan"]
[Result "1-0"]
[WhiteElo "2057"]
[BlackElo "1430"]
[PlyCount "61"]
[EventDate "2004.07.??"]

1. d4 d5 2. c4 Nf6 3. cxd5 Nxd5 4. Nf3 Nf6 5. Nc3 Nc6 6. d5 Nb4 7. Qa4+ Bd7 8.
Qxb4 e6 9. Qd4 c5 10. dxc6 bxc6 11. e4 Be7 12. Bd3 O-O 13. e5 c5 14. Qh4 h6 15.
exf6 Bxf6 16. Qh5 e5 17. O-O Qe7 18. Nd5 Qe6 19. Nxf6+ Qxf6 20. Qxe5 Qb6 21.
Be3 Rae8 22. Qxc5 Qf6 23. Bd4 Qd8 24. Rfe1 Rxe1+ 25. Rxe1 Bg4 26. Ne5 Re8 27.
Rc1 f6 28. Nxg4 Re7 29. Nxf6+ Kh8 30. Qxe7 Qa8 31. Ne8 1-0

[Event "Saint Chély d'Aubrac Op"]
[Site "Saint Chély d'Aubrac"]
[Date "2004.07.17"]
[Round "1.18"]
[White "Lassis, Patrick"]
[Black "Olivier, Pierre"]
[Result "0-1"]
[WhiteElo "1750"]
[BlackElo "2224"]
[PlyCount "36"]
[EventDate "2004.07.??"]

1. Nf3 c5 2. e4 g6 3. d4 Bg7 4. c3 cxd4 5. Nxd4 Nc6 6. Nxc6 bxc6 7. Bc4 d6 8.
Qb3 e6 9. Be3 Nf6 10. f3 O-O 11. Na3 d5 12. exd5 exd5 13. Bd3 Re8 14. Kf2 Ng4+
15. fxg4 Qf6+ 16. Ke2 Bxg4+ 17. Kd2 Rxe3 18. Kxe3 Bh6# 0-1

[Event "Saint Chély d'Aubrac Op"]
[Site "Saint Chély d'Aubrac"]
[Date "2004.07.17"]
[Round "1.14"]
[White "Richard, Emma"]
[Black "Todorov, Ognjan"]
[Result "0-1"]
[WhiteElo "1810"]
[BlackElo "2349"]
[PlyCount "70"]
[EventDate "2004.07.??"]

1. d4 Nf6 2. Nf3 g6 3. Bf4 Bg7 4. e3 d6 5. Be2 O-O 6. h3 Nc6 7. O-O Nd7 8. c4
e5 9. Bh2 exd4 10. exd4 Qf6 11. d5 Nd4 12. Nc3 Nxe2+ 13. Qxe2 Nc5 14. Rac1 Bf5
15. Bf4 Bd3 16. Qd2 Bxf1 17. Rxf1 Rfe8 18. Bg5 Qf5 19. Nh4 Qd7 20. Re1 Rxe1+
21. Qxe1 Re8 22. Qd2 Bxc3 23. Qxc3 Ne4 24. Qc1 Nxg5 25. Qxg5 Qe7 26. Qxe7 Rxe7
27. Nf3 Re2 28. b3 Rxa2 29. Kf1 Kg7 30. Nd4 a6 31. Ke1 Kf6 32. g3 Ke5 33. Nf3+
Ke4 34. Nd2+ Kd3 35. Nf3 Ra1# 0-1

[Event "Saint Chély d'Aubrac Op"]
[Site "Saint Chély d'Aubrac"]
[Date "2004.07.17"]
[Round "1.9"]
[White "Santo-Roman, Marc"]
[Black "Rabier, Jean"]
[Result "1-0"]
[WhiteElo "2403"]
[BlackElo "1870"]
[PlyCount "27"]
[EventDate "2004.07.??"]

1. e4 c5 2. Nf3 e6 3. d4 cxd4 4. Nxd4 a6 5. Bd3 g6 6. f4 d6 7. O-O Bg7 8. c3
Ne7 9. f5 Nec6 10. fxe6 Nxd4 11. exf7+ Kf8 12. cxd4 Bxd4+ 13. Kh1 Be5 14. Bh6+
1-0

[Event "Saint Chély d'Aubrac Op"]
[Site "Saint Chély d'Aubrac"]
[Date "2004.07.17"]
[Round "1.36"]
[White "Capron, Michel"]
[Black "Lombart, Philippe"]
[Result "0-1"]
[WhiteElo "1400"]
[BlackElo "2043"]
[PlyCount "38"]
[EventDate "2004.07.??"]

1. e4 e5 2. Nf3 Nc6 3. Bc4 Nf6 4. Nc3 Be7 5. d4 exd4 6. Nxd4 O-O 7. Be3 Ne5 8.
Be2 d5 9. exd5 Nxd5 10. Nxd5 Qxd5 11. Nf3 Qa5+ 12. Bd2 Nxf3+ 13. Bxf3 Qe5+ 14.
Be3 Bg5 15. Qd4 Qxd4 16. Bxd4 Re8+ 17. Be2 b6 18. f3 Ba6 19. Be3 Rxe3 0-1

[Event "Saint Chély d'Aubrac Op"]
[Site "Saint Chély d'Aubrac"]
[Date "2004.07.17"]
[Round "1.32"]
[White "Landwerlin, Pascal"]
[Black "Duffau, Pascal"]
[Result "0-1"]
[WhiteElo "1499"]
[BlackElo "2081"]
[PlyCount "24"]
[EventDate "2004.07.??"]

1. e4 e6 2. d4 d5 3. Nc3 Bb4 4. a3 Bxc3+ 5. bxc3 dxe4 6. f3 c5 7. Be3 Nf6 8.
fxe4 Qa5 9. Bd3 c4 10. Be2 Qxc3+ 11. Kf2 Nxe4+ 12. Kf3 f5 0-1

[Event "Saint Chély d'Aubrac Op"]
[Site "Saint Chély d'Aubrac"]
[Date "2004.07.17"]
[Round "1.1"]
[White "Sokolov, Andreï"]
[Black "Desboeufs, Alexandre"]
[Result "1-0"]
[WhiteElo "2583"]
[BlackElo "2010"]
[PlyCount "41"]
[EventDate "2004.07.??"]

1. e4 e6 2. d4 d5 3. Nc3 Nf6 4. Bg5 dxe4 5. Nxe4 Nbd7 6. Nf3 h6 7. Nxf6+ Nxf6
8. Bxf6 Qxf6 9. Bb5+ c6 10. Bd3 Bd6 11. Qe2 O-O 12. O-O-O b5 13. Kb1 a5 14. Qe4
Rd8 15. Ne5 Bxe5 16. dxe5 Qxf2 17. Rdf1 Qd2 18. Qh7+ Kf8 19. Rxf7+ Kxf7 20.
Bg6+ Ke7 21. Qxg7# 1-0

[Event "Saint Chély d'Aubrac Op"]
[Site "Saint Chély d'Aubrac"]
[Date "2004.07.17"]
[Round "1.15"]
[White "Collas, Silvia"]
[Black "Joli, Laurent"]
[Result "1-0"]
[WhiteElo "2344"]
[BlackElo "1780"]
[PlyCount "47"]
[EventDate "2004.07.??"]

1. e4 e5 2. Nf3 d6 3. Bc4 Be7 4. d4 exd4 5. Nxd4 Nf6 6. Nc3 Nbd7 7. Nf5 O-O 8.
O-O Nb6 9. Nxe7+ Qxe7 10. Bd3 Nfd7 11. f4 Nc5 12. f5 Nxd3 13. f6 gxf6 14. Qxd3
Kh8 15. Be3 c6 16. Rad1 Be6 17. b3 Nd7 18. Qxd6 Qxd6 19. Rxd6 Rg8 20. Bd4 Rg6
21. Ne2 c5 22. Bb2 Re8 23. Nf4 Rg5 24. Nxe6 1-0

[Event "Saint Chély d'Aubrac Op"]
[Site "Saint Chély d'Aubrac"]
[Date "2004.07.17"]
[Round "1.17"]
[White "Pucher, Olivier"]
[Black "Croux, Laurent"]
[Result "1-0"]
[WhiteElo "2294"]
[BlackElo "1770"]
[PlyCount "53"]
[EventDate "2004.07.??"]

1. d4 Nf6 2. c4 c5 3. Nf3 cxd4 4. Nxd4 e5 5. Nb5 d6 6. g3 Bf5 7. Bg2 Nc6 8. O-O
a6 9. N5c3 Rc8 10. Bg5 Be7 11. Bxf6 Bxf6 12. Nd5 Bg5 13. Nbc3 h5 14. e3 h4 15.
f4 hxg3 16. fxg5 Qxg5 17. Qf3 gxh2+ 18. Kh1 Be6 19. Ne4 Qd8 20. Qg3 Kd7 21.
Qxg7 Bxd5 22. cxd5 Ne7 23. Rxf7 Rc2 24. Rxe7+ Kc8 25. Nxd6+ Qxd6 26. Qxh8+ Qd8
27. Bh3+ 1-0

[Event "Saint Chély d'Aubrac Op"]
[Site "Saint Chély d'Aubrac"]
[Date "2004.07.17"]
[Round "1.19"]
[White "Hassler, Franck"]
[Black "Lagunes, Matthieu"]
[Result "1-0"]
[WhiteElo "2198"]
[BlackElo "1730"]
[PlyCount "49"]
[EventDate "2004.07.??"]

1. d4 d5 2. Nf3 e6 3. e3 c5 4. b3 Nf6 5. Bb2 a6 6. c4 Nc6 7. Be2 b6 8. O-O Bb7
9. Nc3 cxd4 10. exd4 dxc4 11. bxc4 Rc8 12. Qa4 Qd7 13. Rfd1 Na5 14. Ne5 Qxa4
15. Nxa4 Rb8 16. Nxb6 Bxg2 17. Kxg2 Rxb6 18. Bc3 Nb7 19. c5 Nxc5 20. dxc5 Bxc5
21. Ba5 Rd6 22. Rac1 Rxd1 23. Bxd1 Bd6 24. Rc8+ Ke7 25. Rxh8 1-0

[Event "Saint Chély d'Aubrac Op"]
[Site "Saint Chély d'Aubrac"]
[Date "2004.07.17"]
[Round "1.29"]
[White "Capron, Daniel"]
[Black "Bou, Georges"]
[Result "1-0"]
[WhiteElo "2105"]
[BlackElo "1570"]
[PlyCount "41"]
[EventDate "2004.07.??"]

1. e4 e5 2. Nc3 Nc6 3. Bc4 Nf6 4. d3 Na5 5. b3 a6 6. f4 d6 7. Nf3 Bg4 8. fxe5
dxe5 9. Bxf7+ Kxf7 10. Nxe5+ Kg8 11. Nxg4 Qd4 12. Nxf6+ gxf6 13. Bd2 Qe5 14.
Nd5 Nc6 15. O-O Bg7 16. Rf5 Qd6 17. Bc3 Re8 18. Qh5 Re6 19. Raf1 Ne5 20. Rxe5
Rxe5 21. Bxe5 1-0

[Event "Saint Chély d'Aubrac Op"]
[Site "Saint Chély d'Aubrac"]
[Date "2004.07.17"]
[Round "1.30"]
[White "Gazel, Bruno"]
[Black "Hennemann, Xavier"]
[Result "0-1"]
[WhiteElo "1520"]
[BlackElo "2104"]
[PlyCount "38"]
[EventDate "2004.07.??"]

1. e4 e6 2. d4 d5 3. exd5 exd5 4. Nf3 Bd6 5. Bd3 h6 6. O-O Qf6 7. h3 Ne7 8. Re1
O-O 9. c3 c6 10. Nbd2 Bf5 11. Qc2 Nd7 12. c4 Bxd3 13. Qxd3 Rfe8 14. c5 Bc7 15.
b4 Ng6 16. Bb2 Nf4 17. Qc2 Nf8 18. Ne5 Bxe5 19. dxe5 Qg5 0-1

[Event "Saint Chély d'Aubrac Op"]
[Site "Saint Chély d'Aubrac"]
[Date "2004.07.17"]
[Round "1.28"]
[White "Pierre, Alexis"]
[Black "Birens, Eric-André"]
[Result "0-1"]
[WhiteElo "1580"]
[BlackElo "2116"]
[PlyCount "58"]
[EventDate "2004.07.??"]

1. d4 Nf6 2. c4 c5 3. dxc5 Qa5+ 4. Nc3 Qxc5 5. e3 g6 6. Bd2 Bg7 7. Nf3 d6 8.
Qb3 O-O 9. Be2 b6 10. O-O Bb7 11. Rfd1 Nbd7 12. Nd4 Ne5 13. Rac1 Rfc8 14. Ncb5
a5 15. a4 d5 16. cxd5 Qxd5 17. Qxd5 Nxd5 18. b3 Nd7 19. Bf3 Nc5 20. Rb1 Bf8 21.
Bxd5 Bxd5 22. b4 axb4 23. Rxb4 e5 24. Nc2 Bb3 25. Nba3 Bxc2 26. Nxc2 Nd3 27.
Rxb6 Rxc2 28. Rb5 Rxa4 29. Rd5 Rxd2 0-1

[Event "Saint Chély d'Aubrac Op"]
[Site "Saint Chély d'Aubrac"]
[Date "2004.07.17"]
[Round "1.4"]
[White "Sivan, Michel"]
[Black "Popchev, Milko"]
[Result "0-1"]
[WhiteElo "1984"]
[BlackElo "2449"]
[PlyCount "80"]
[EventDate "2004.07.??"]

1. e4 c5 2. Nc3 e6 3. Nf3 a6 4. d4 cxd4 5. Nxd4 b5 6. a3 Bb7 7. Be2 Nc6 8. Nxc6
dxc6 9. Qxd8+ Rxd8 10. Be3 e5 11. Bb6 Ra8 12. Rd1 Be7 13. O-O Bc8 14. Bc7 f6
15. b4 Nh6 16. f4 Nf7 17. f5 Ra7 18. Bb6 Rb7 19. Be3 Rd7 20. Na2 Nd6 21. Bh5+
Kf8 22. Nc3 Nc4 23. Bc1 Bd8 24. Rxd7 Bb6+ 25. Kh1 Bxd7 26. Nd1 Ke7 27. Be2 Nd6
28. Bf3 Ra8 29. g4 a5 30. h4 axb4 31. axb4 Ra1 32. Nb2 Bd4 33. Rd1 Rxc1 34.
Rxc1 Bxb2 35. Rb1 Bd4 36. Rb3 Nc4 37. Rd3 Bf2 38. Be2 h6 39. Rf3 Be1 40. h5 Nd6
0-1

[Event "Saint Chély d'Aubrac Op"]
[Site "Saint Chély d'Aubrac"]
[Date "2004.07.17"]
[Round "1.25"]
[White "Rabineau, Clément"]
[Black "Lengert, Vincent"]
[Result "1-0"]
[WhiteElo "2135"]
[BlackElo "1690"]
[PlyCount "51"]
[EventDate "2004.07.??"]

1. e4 c5 2. Nf3 Nc6 3. d4 cxd4 4. Nxd4 Qb6 5. Nb3 Nf6 6. Nc3 e5 7. Be2 Bb4 8.
Qd3 O-O 9. O-O Bxc3 10. bxc3 Rd8 11. Be3 Qc7 12. Bg5 d6 13. Nd2 Qe7 14. Qg3 h6
15. Bxh6 Qf8 16. Bg5 Qe7 17. Qh4 d5 18. exd5 Rxd5 19. Ne4 Rd6 20. Rad1 Re6 21.
Bc4 Bd7 22. Bxe6 fxe6 23. Nxf6+ gxf6 24. Bxf6 Qc5 25. Qh8+ Kf7 26. Rxd7+ 1-0

[Event "Saint Chély d'Aubrac Op"]
[Site "Saint Chély d'Aubrac"]
[Date "2004.07.17"]
[Round "1.21"]
[White "Coste, Thierry"]
[Black "Paci, Romain"]
[Result "1-0"]
[WhiteElo "2149"]
[BlackElo "1700"]
[PlyCount "51"]
[EventDate "2004.07.??"]

1. Nf3 d5 2. d4 Nf6 3. e3 e6 4. Bd3 Bd6 5. O-O Nbd7 6. c4 O-O 7. c5 Be7 8. b4
a6 9. Bb2 Re8 10. Nbd2 c6 11. Ne5 Nxe5 12. dxe5 Nd7 13. f4 b6 14. f5 exf5 15.
Bxf5 Bg5 16. e6 fxe6 17. Bxh7+ Kxh7 18. Qh5+ Bh6 19. Bxg7 Qg5 20. Qxe8 Bxg7 21.
Rf3 Bxa1 22. Qf7+ Bg7 23. Rh3+ Qh6 24. Rxh6+ Kxh6 25. g4 Ne5 26. Qh5# 1-0

[Event "Saint Chély d'Aubrac Op"]
[Site "Saint Chély d'Aubrac"]
[Date "2004.07.17"]
[Round "1.23"]
[White "Uhoda, Philippe"]
[Black "De Biasi, Robert"]
[Result "1-0"]
[WhiteElo "2140"]
[BlackElo "1690"]
[PlyCount "71"]
[EventDate "2004.07.??"]

1. d4 Nf6 2. c4 e6 3. Nc3 Bb4 4. g3 O-O 5. Bg2 d5 6. Nf3 dxc4 7. O-O Bxc3 8.
bxc3 Nd5 9. Qc2 Nc6 10. e4 Nde7 11. Qa4 Bd7 12. Qxc4 a6 13. a4 Na7 14. Ne5 b5
15. Qc5 bxa4 16. Nxd7 Qxd7 17. Qa3 Ng6 18. Qxa4 Qxa4 19. Rxa4 Nb5 20. Bd2 e5
21. d5 Rfd8 22. Rfa1 Rd6 23. Bf1 Rc8 24. Rxa6 Rxa6 25. Rxa6 Nd6 26. f3 f5 27.
Bd3 f4 28. c4 Nf7 29. c5 Rb8 30. d6 cxd6 31. cxd6 Kf8 32. Ba5 Ke8 33. Bc2 Nd8
34. Bc7 Rc8 35. Ba4+ Kf8 36. Bd7 1-0

[Event "Saint Chély d'Aubrac Op"]
[Site "Saint Chély d'Aubrac"]
[Date "2004.07.17"]
[Round "1.5"]
[White "Gaponenko, Inna"]
[Black "De Lagontrie, Jean"]
[Result "1-0"]
[WhiteElo "2448"]
[BlackElo "1968"]
[PlyCount "59"]
[EventDate "2004.07.??"]

1. e4 c5 2. Nf3 Nc6 3. Nc3 e6 4. d4 cxd4 5. Nxd4 Nf6 6. Ndb5 d6 7. Bf4 e5 8.
Bg5 a6 9. Na3 b5 10. Bxf6 gxf6 11. Nd5 f5 12. Bd3 Be6 13. O-O Bxd5 14. exd5 Ne7
15. c3 Bg7 16. Qh5 e4 17. Bc2 O-O 18. Rae1 b4 19. cxb4 Bxb2 20. Nc4 Bg7 21. f3
Rc8 22. Bb3 exf3 23. Qxf3 Kh8 24. Kh1 Rb8 25. a3 Qd7 26. Bc2 Rfc8 27. Bd3 Rf8
28. Qh5 h6 29. Rxe7 Qxe7 30. Qxf5 1-0

[Event "Saint Chély d'Aubrac Op"]
[Site "Saint Chély d'Aubrac"]
[Date "2004.07.17"]
[Round "1.26"]
[White "Tabaroni, Serge"]
[Black "Deiller, Pascal"]
[Result "0-1"]
[WhiteElo "1650"]
[BlackElo "2123"]
[PlyCount "40"]
[EventDate "2004.07.??"]

1. e4 e6 2. d4 d5 3. exd5 exd5 4. Bd3 Nc6 5. c3 Bd6 6. Ne2 Qh4 7. Ng3 g6 8. O-O
Nf6 9. Re1+ Ne7 10. Nd2 Bg4 11. Nf3 Bxf3 12. gxf3 Nh5 13. Kg2 O-O-O 14. Rh1 Bf4
15. Nxh5 gxh5 16. Bxf4 Qxf4 17. Kf1 Rde8 18. Bc2 Nf5 19. Bxf5+ Qxf5 20. Rg1
Qh3+ 0-1

[Event "Saint Chély d'Aubrac Op"]
[Site "Saint Chély d'Aubrac"]
[Date "2004.07.17"]
[Round "1.10"]
[White "Tatinian, William"]
[Black "Riff, Jean-Noël"]
[Result "0-1"]
[WhiteElo "1860"]
[BlackElo "2401"]
[PlyCount "92"]
[EventDate "2004.07.??"]

1. d4 Nf6 2. c4 e6 3. Nc3 Bb4 4. f3 d5 5. Bd2 dxc4 6. e3 c5 7. dxc5 Bxc5 8.
Bxc4 Nc6 9. Qe2 O-O 10. O-O-O a6 11. Ne4 Nxe4 12. fxe4 b5 13. Bb3 Na5 14. Bxa5
Qxa5 15. e5 Bb7 16. Kb1 Be4+ 17. Ka1 Qc7 18. Nf3 Bxf3 19. gxf3 Qxe5 20. e4 Rfd8
21. Rhf1 Qf4 22. Kb1 h6 23. Qg2 Bd4 24. Rd3 Be5 25. Rxd8+ Rxd8 26. Rd1 Rxd1+
27. Bxd1 Qxh2 28. Qxh2 Bxh2 29. a4 bxa4 30. Bxa4 a5 31. Kc2 Bf4 32. Kd3 Kh7 33.
Ke2 Kg6 34. Kf2 f5 35. exf5+ exf5 36. Bc6 Kg5 37. Kg2 Be5 38. b3 Kf4 39. Bd5 g5
40. Be6 g4 41. fxg4 fxg4 42. Bd5 h5 43. Bc6 h4 44. Bd5 h3+ 45. Kh2 Kg5+ 46. Kh1
g3 0-1

[Event "Saint Chély d'Aubrac Op"]
[Site "Saint Chély d'Aubrac"]
[Date "2004.07.17"]
[Round "1.34"]
[White "Rivier, Sylvain"]
[Black "Larand, Manuel"]
[Result "0-1"]
[WhiteElo "1460"]
[BlackElo "2060"]
[PlyCount "56"]
[EventDate "2004.07.??"]

1. e4 c5 2. Nf3 d6 3. d4 cxd4 4. Nxd4 Nf6 5. Nc3 a6 6. Bd3 e6 7. O-O Be7 8. Bg5
Nxe4 9. Bxe7 Nxc3 10. Bxd8 Nxd1 11. Raxd1 Kxd8 12. Be4 Kc7 13. Rd3 Nc6 14. Nxc6
bxc6 15. c4 Rb8 16. b3 d5 17. cxd5 cxd5 18. Rc3+ Kd6 19. Bb1 Bd7 20. Rfc1 f5
21. f4 Rhc8 22. Rxc8 Rxc8 23. Rxc8 Bxc8 24. a3 Kc5 25. Kf2 Kd4 26. Bc2 a5 27.
Ke2 Kc3 28. Bd1 Ba6+ 0-1

[Event "Saint Chély d'Aubrac Op"]
[Site "Saint Chély d'Aubrac"]
[Date "2004.07.17"]
[Round "1.2"]
[White "Nass, Emile"]
[Black "Apicella, Manuel"]
[Result "0-1"]
[WhiteElo "2008"]
[BlackElo "2539"]
[PlyCount "72"]
[EventDate "2004.07.??"]

1. d4 Nf6 2. Nf3 g6 3. c4 Bg7 4. g3 O-O 5. Bg2 d6 6. O-O Nbd7 7. Nc3 e5 8. d5
a5 9. e4 Nc5 10. Ne1 Nfd7 11. Be3 f5 12. exf5 gxf5 13. f4 Qe7 14. Nc2 Nb6 15.
Na3 Bd7 16. Qd2 Rae8 17. Rad1 e4 18. b3 h5 19. Nab5 Bc8 20. Ne2 a4 21. Bxc5
dxc5 22. d6 cxd6 23. Qxd6 Qxd6 24. Rxd6 Re6 25. Rfd1 Rxd6 26. Rxd6 Rf6 27. Rxf6
Bxf6 28. Nd6 Kh7 29. Nxc8 Nxc8 30. Kf2 Ne7 31. h3 Bd4+ 32. Ke1 Kg6 33. Kd2 Nc6
34. Nc3 Bxc3+ 35. Kxc3 a3 36. Bf1 Nb4 0-1

[Event "Saint Chély d'Aubrac Op"]
[Site "Saint Chély d'Aubrac"]
[Date "2004.07.17"]
[Round "1.31"]
[White "Tanguy, Fabien"]
[Black "Alexiev, Ivan"]
[Result "1-0"]
[WhiteElo "2094"]
[BlackElo "1499"]
[PlyCount "75"]
[EventDate "2004.07.??"]

1. c4 Nf6 2. Nc3 e6 3. g3 c6 4. Bg2 d5 5. cxd5 cxd5 6. d4 Nc6 7. Nf3 Be7 8. O-O
O-O 9. a3 b6 10. Bf4 Bb7 11. Rc1 Rc8 12. Qd3 Nh5 13. Bd2 Na5 14. Qb1 Nc4 15.
Be3 Nxe3 16. fxe3 Nf6 17. Ng5 h6 18. Rxf6 hxg5 19. Rf3 a6 20. g4 Bd6 21. Rh3 g6
22. Rf1 b5 23. e4 dxe4 24. Nxe4 Bxe4 25. Bxe4 Kg7 26. Qd3 b4 27. Bb7 Rb8 28.
Bxa6 bxa3 29. bxa3 Bf4 30. e3 Bd6 31. a4 Ra8 32. Bb5 Qb6 33. Qe4 Rac8 34. Qf3
Be7 35. Qf2 Qb7 36. Rf3 Bd8 {#} 37. Ba6 Qxa6 38. Rxf7+ 1-0

[Event "Saint Chély d'Aubrac Op"]
[Site "Saint Chély d'Aubrac"]
[Date "2004.07.17"]
[Round "1.38"]
[White "Lagunes, Robin"]
[Black "Labarthe, Arnaud"]
[Result "0-1"]
[WhiteElo "1320"]
[BlackElo "2028"]
[PlyCount "58"]
[EventDate "2004.07.??"]

1. e4 d5 2. exd5 Nf6 3. Nf3 Nxd5 4. d4 Bg4 5. Be2 e6 6. h3 Bh5 7. c4 Nb6 8. b3
Bb4+ 9. Nbd2 Bc3 10. Rb1 Bg6 11. Ba3 Bxb1 12. Qxb1 Nc6 13. Qd3 Bb4 14. Bb2 Be7
15. a3 Bf6 16. O-O Nd7 17. Re1 O-O 18. Bd1 Nde5 19. Nxe5 Nxe5 20. Qe4 Ng6 21.
Bc2 c5 22. Nf3 cxd4 23. Nxd4 Qc7 24. g3 Rad8 25. h4 Qe5 26. Qxe5 Nxe5 27. Nb5
Nf3+ 28. Kf1 Nxe1 29. Kxe1 Bxb2 0-1

[Event "Saint Chély d'Aubrac Op"]
[Site "Saint Chély d'Aubrac"]
[Date "2004.07.17"]
[Round "1.22"]
[White "Desboeufs, Claude"]
[Black "Milanovic, Dino"]
[Result "0-1"]
[WhiteElo "1699"]
[BlackElo "2149"]
[PlyCount "74"]
[EventDate "2004.07.??"]

1. c4 e5 2. Nc3 Nf6 3. Nf3 Nc6 4. d4 exd4 5. Nxd4 Bb4 6. Qd3 d6 7. Nxc6 bxc6 8.
Bd2 O-O 9. g3 Ng4 10. Bg2 Ne5 11. Qe4 Qf6 12. b3 Bf5 13. Qe3 Nd3+ 14. Kf1 Bxc3
15. Bxc3 Qxc3 16. Rd1 Rae8 17. Qd2 Qxd2 18. Rxd2 Ne5 19. f4 Ng4 20. Bxc6 Be4
21. Bxe4 Rxe4 22. Kg2 Rfe8 23. Re1 f5 24. h3 Nf6 25. Kf2 Re3 26. Rc2 h6 27. Rg1
g5 28. fxg5 hxg5 29. Rb2 Kf7 30. Rc2 f4 31. gxf4 gxf4 32. Rh1 Ne4+ 33. Ke1 f3
34. Rh2 f2+ 35. Kf1 Rg3 36. Rg2 Rxg2 37. Kxg2 Rg8+ 0-1

[Event "Saint Chély d'Aubrac Op"]
[Site "Saint Chély d'Aubrac"]
[Date "2004.07.17"]
[Round "1.12"]
[White "Sidibe, Malika"]
[Black "Crut, Aurélien"]
[Result "0-1"]
[WhiteElo "1820"]
[BlackElo "2355"]
[PlyCount "82"]
[EventDate "2004.07.??"]

1. e4 e6 2. d4 d5 3. exd5 exd5 4. Qf3 c5 5. c3 Nc6 6. Be3 Nf6 7. h3 cxd4 8.
Bxd4 Nxd4 9. cxd4 Bb4+ 10. Nc3 Qe7+ 11. Qe3 Qxe3+ 12. fxe3 Ne4 13. Bb5+ Bd7 14.
Bxd7+ Kxd7 15. Nge2 Rac8 16. O-O Bxc3 17. Nxc3 Nxc3 18. bxc3 f6 19. Rab1 b6 20.
Rbc1 Rc4 21. Rc2 Rhc8 22. Rfc1 b5 23. Kf2 b4 24. Ke2 bxc3 25. a3 h5 26. Kd3 Ke6
27. Rxc3 Rxc3+ 28. Rxc3 Rxc3+ 29. Kxc3 Kf5 30. Kd3 h4 31. e4+ dxe4+ 32. Ke3 g6
33. a4 a5 34. d5 Ke5 35. d6 Kxd6 36. Kxe4 Kc5 37. Kd3 Kb4 38. Kc2 Kxa4 39. Kb2
Kb4 40. Ka2 Kc3 41. Ka3 Kd3 0-1

[Event "Saint Chély d'Aubrac Op"]
[Site "Saint Chély d'Aubrac"]
[Date "2004.07.17"]
[Round "1.3"]
[White "Meijers, Viesturs"]
[Black "Strohmann, Matthieu"]
[Result "1-0"]
[WhiteElo "2477"]
[BlackElo "1710"]
[PlyCount "56"]
[EventDate "2004.07.??"]

1. e4 e5 2. Nf3 Nc6 3. Bb5 a6 4. Bxc6 dxc6 5. O-O Bg4 6. h3 h5 7. d3 Qf6 8.
Nbd2 Ne7 9. Nc4 Bxf3 10. Qxf3 Qxf3 11. gxf3 b5 12. Na5 Ng6 13. Rd1 c5 14. Kf1
Bd6 15. Be3 Nf4 16. Bxf4 exf4 17. e5 Be7 18. Re1 Rh6 19. Re4 g5 20. Nb3 Rd8 21.
Ke2 Re6 22. c4 Kd7 23. Rc1 b4 24. d4 cxd4 25. Nxd4 Rg6 26. Rh1 Bc5 27. Nb3 Kc6
28. h4 Re8 {suite illisible} 1-0

[Event "Saint Chély d'Aubrac Op"]
[Site "Saint Chély d'Aubrac"]
[Date "2004.07.17"]
[Round "1.16"]
[White "Mathis, Julien"]
[Black "Mullon, Jean-Baptiste"]
[Result "0-1"]
[WhiteElo "1780"]
[BlackElo "2327"]
[PlyCount "68"]
[EventDate "2004.07.??"]

1. c4 Nf6 2. g3 c6 3. Bg2 d5 4. Nf3 Bg4 5. Ne5 Be6 6. cxd5 Bxd5 7. O-O Bxg2 8.
Kxg2 Nbd7 9. Nxd7 Qxd7 10. d3 h5 11. h4 e6 12. Nd2 Be7 13. Nf3 Ng4 14. Qc2
O-O-O 15. a3 f6 16. b4 Kb8 17. Bd2 g5 18. Rh1 gxh4 19. Rxh4 f5 20. Bf4+ Ka8 21.
Rh3 e5 22. Bd2 f4 23. Rah1 fxg3 24. fxg3 Qf5 25. Rf1 Qg6 26. Rfh1 Rdg8 27. Qd1
Bf6 28. Qe1 e4 29. dxe4 h4 30. Bc3 Bxc3 31. Qxc3 Qxe4 32. Qb2 Qe3 33. Rf1 Qb6
34. Rxh4 Rxh4 0-1

[Event "Saint Chély d'Aubrac Op"]
[Site "Saint Chély d'Aubrac"]
[Date "2004.??.??"]
[Round "1.37"]
[White "Corke, Anya"]
[Black "Trzesniower, Jacques"]
[Result "1-0"]
[WhiteElo "2042"]
[BlackElo "1390"]
[PlyCount "67"]
[EventDate "2004.07.??"]

1. d4 Nf6 2. Bg5 d6 3. Bxf6 gxf6 4. e3 Nd7 5. Bd3 e5 6. Nd2 c6 7. Ne2 Qc7 8. c3
Nb6 9. Qc2 h6 10. O-O-O Be6 11. Rhf1 O-O-O 12. f4 Nd5 13. Rf3 Rg8 14. Rg1 h5
15. f5 Bd7 16. e4 Nb6 17. Rh3 Rh8 18. g4 h4 19. Kb1 c5 20. Qd1 c4 21. Bc2 Kb8
22. Nf3 Bc6 23. d5 Bd7 24. Rxh4 Rxh4 25. Nxh4 Bh6 26. Nf3 Be3 27. Rg3 Qc5 28.
h4 a5 29. Qf1 a4 30. a3 Qb5 31. Ka2 Nc8 32. g5 fxg5 33. Nxg5 f6 34. Rxe3 1-0

[Event "Saint Chély d'Aubrac Op"]
[Site "Saint Chély d'Aubrac"]
[Date "2004.??.??"]
[Round "1.17"]
[White "Dury, Renaud"]
[Black "Pucher, Sebastien"]
[Result "0-1"]
[WhiteElo "1690"]
[BlackElo "2135"]
[PlyCount "58"]
[EventDate "2004.07.??"]

1. Nf3 c5 2. b3 d5 3. e3 Nf6 4. Bb2 g6 5. Be2 Bg7 6. O-O O-O 7. d4 Ne4 8. c4 e6
9. Nbd2 Nc6 10. Qc2 cxd4 11. Nxe4 Nb4 12. Qb1 dxe4 13. Nxd4 Nd3 14. Bc3 e5 15.
Nc2 Qg5 16. Rd1 Bh3 17. Bf1 Rad8 18. Nb4 Bh6 19. Nxd3 exd3 20. e4 d2 21. Kh1
Be6 22. Bd3 Qh4 23. Bxd2 Bxd2 24. Rxd2 Rd4 25. Qe1 Rfd8 26. Rad1 Bg4 27. Be2
Rxd2 28. Rxd2 Rxd2 29. Qxd2 Qxf2 0-1

[Event "Saint Chély d'Aubrac Op"]
[Site "Saint Chély d'Aubrac"]
[Date "2004.07.17"]
[Round "1.13"]
[White "Seret, Jean-Luc"]
[Black "Lengert, Martin"]
[Result "1-0"]
[WhiteElo "2351"]
[BlackElo "1810"]
[PlyCount "83"]
[EventDate "2004.07.??"]

1. e4 e6 2. d3 d5 3. Qe2 c6 4. Nf3 Nf6 5. g3 Be7 6. c3 O-O 7. Bg2 b6 8. e5 Nfd7
9. O-O Qc7 10. Bf4 c5 11. c4 Bb7 12. h4 dxc4 13. dxc4 Nc6 14. Nc3 Rad8 15. Rad1
a6 16. Rfe1 Rfe8 17. a3 Nf8 18. Nd5 exd5 19. cxd5 Nxe5 20. Bxe5 Qc8 21. Qc4 Nd7
22. Bf4 Bf6 23. Rxe8+ Rxe8 24. Qc2 Qa8 25. Ng5 Bxg5 26. hxg5 Rd8 27. Bh3 Bxd5
28. Qd3 Be4 29. Qd6 Bf3 30. Rd2 Qe4 31. Bf1 Qb7 32. Qe7 Qc8 33. Bh3 Bc6 34. Rd6
Bb5 35. b3 Qa8 36. Bxd7 Bxd7 37. Kh2 Qc8 38. Be3 Qc7 39. Bd2 a5 40. Bc3 g6 41.
Rf6 Rf8 42. Rxg6+ 1-0

[Event "Saint Chély d'Aubrac Op"]
[Site "Saint Chély d'Aubrac"]
[Date "2004.07.17"]
[Round "1.7"]
[White "Mrdja, Milan"]
[Black "Chokbengboun, Thomas"]
[Result "1-0"]
[WhiteElo "2432"]
[BlackElo "1900"]
[PlyCount "81"]
[EventDate "2004.07.??"]

1. e4 e6 2. d4 d5 3. Nc3 Bb4 4. e5 c5 5. a3 Bxc3+ 6. bxc3 Ne7 7. Qg4 cxd4 8.
Qxg7 Rg8 9. Qxh7 Qa5 10. Ne2 Nbc6 11. f4 dxc3 12. Qd3 Nb4 13. Qd1 Nf5 14. Rb1
Na2 15. Ng3 Nxc1 16. Nxf5 exf5 17. Qxc1 d4 18. Kf2 Bd7 19. Rxb7 Bc6 20. Rb4 Qd5
21. Rg1 Rd8 22. g3 Qf3+ 23. Ke1 Qe4+ 24. Be2 a5 25. Rc4 Bb5 26. Kf2 Bxc4 27.
Bxc4 Qc6 28. Bd3 Qc5 29. Qf1 Rb8 30. Qh3 Rb2 31. Rc1 Qxa3 32. Qxf5 Qc5 33. Qh7
Rf8 34. Re1 Rb6 35. f5 Qc8 36. Kg1 Qd7 37. Qh5 Kd8 38. e6 Qe7 39. f6 Qe8 40.
e7+ Kc7 41. Qe5+ 1-0